| 000 | nam a22 a 4500 | ||
|---|---|---|---|
| 999 |
_c2560 _d2560 |
||
| 005 | 20170517111924.0 | ||
| 008 | 170517s2006 my ||||| |||| 00| 0 may d | ||
| 040 | _aAKMAL | ||
| 082 | _a344.595047 MAL | ||
| 090 |
_a344.595047 _bMAL |
||
| 110 | 1 |
_aMalaysia, _bKementerian Perdagangan Antarabangsa dan Industri. _9514 |
|
| 245 | 1 | 0 |
_aAkta Pelindung 2006 : Peraturan-Peraturan Pelindung 2007 [P.U.(A) 386/2007] = _bSafeguards Act 2006 : Safeguards Regulations 2007 [P.U.(A) 386/2007]. |
| 260 |
_aKuala Lumpur ; _bPercetakan Nasional Berhad, _c2006. |
||
| 300 |
_a28ms. _c21cm |
||
| 490 | 1 | _aUNdang-undang Malaysia | |
| 650 | 1 | 0 |
_aSafaguards Act _zMalaysia _95337 |
| 650 | 2 | 0 |
_aTrade Industry _zMalaysia _95338 |
| 710 | 1 |
_aMalaysia _bKemterian _95339 |
|
| 830 | 1 |
_aLaws of Malaysia _91830 |
|
| 942 |
_2ddc _cBOOK |
||
| 950 | _lAKMAL | ||